Handbook of welding

Αποθηκεύτηκε σε:
Λεπτομέρειες βιβλιογραφικής εγγραφής
Κύριος συγγραφέας: Edward R Funk
Μορφή: Βιβλίο
Γλώσσα:Undetermined
Έκδοση: London Delmar 1985
Θέματα:
Ετικέτες: Προσθήκη ετικέτας
Δεν υπάρχουν, Καταχωρήστε ετικέτα πρώτοι!
Thư viện lưu trữ: Trung tâm Học liệu Trường Đại học Cần Thơ
LEADER 00460nam a2200181Ia 4500
001 CTU_11730
008 210402s9999 xx 000 0 und d
082 |a 671.52 
082 |b F982 
100 |a Edward R Funk 
245 0 |a Handbook of welding 
245 0 |c Edward R Funk, Lloyd J Rieber 
260 |a London 
260 |b Delmar 
260 |c 1985 
650 |a welding 
904 |i Minh, 961102 
980 |a Trung tâm Học liệu Trường Đại học Cần Thơ